| 000 | 00640nam a2200229Ia 4500 | ||
|---|---|---|---|
| 003 | OSt | ||
| 005 | 20220925195954.0 | ||
| 006 | a|||||r|||| 00| 0 | ||
| 007 | ta | ||
| 008 | 220923b |||||||| |||| 00| 0 eng d | ||
| 037 | _cGeneral Book | ||
| 040 |
_aRTL _cRTL _beng |
||
| 041 |
_2eng _aeng |
||
| 082 | _aA:R, K0/SC | ||
| 100 |
_aDanto Arthur _9256130 |
||
| 245 | 0 | _aPhilosophy of science | |
| 260 |
_aCleveland _bMeridian Books _c1960 |
||
| 300 |
_a477p _ccm. |
||
| 700 |
_a Morgenbesser Sidney Ed. _972469 |
||
| 942 |
_hA:R, K0/SC _cGB _2CC |
||
| 999 |
_c534939 _d534939 |
||